000 00794cam a22002773a 4500
001 12267
003 PGUSA
005 20140828083247.0
008 040501s2004||||xxu|||||s|||||000 | eng d
040 _aPGUSA
_beng
042 _adc
050 4 _aCT
050 4 _aHX
100 1 _aBebel, August,
_d1840-1913
245 1 0 _aAus meinem Leben — Erster Teil
_h[electronic resource] /
_cAugust Bebel
260 _bProject Gutenberg,
_c2004
506 _aPublic domain in the USA.
516 _aElectronic text
653 _aAutobiographies
653 _aPoliticians -- Germany -- Biography
653 _aBebel, August, 1840-1913
653 _aSocialists -- Germany -- Biography
830 0 _aProject Gutenberg
_v12267
856 4 0 _uhttp://www.gutenberg.org/ebooks/12267
942 _cEB
999 _c241522
_d241522